Žalm môjmu Bohu

Bibliographic Details
Main Author: Zubčáková, Dana (Author)
Format: Article
Language:Slovak
PhysicalDescription:Obr.
Subjects:

MARC

LEADER 00000nab a2200000 a 4500
001 vtls000733520
003 SK-MaSNL
005 20260302193044.0
008 160314c2000 xo 0 slo
015 |a SNBRA2000/10-25115 
035 |a CLN000085627 
040 |a SNKBUCL  |b slo  |c SNKBUCL  |e AACR2 
041 0 |a slo 
044 |a xo  |c SK 
080 |a 885.4-1  |2 UDC-MRF-SK2 
080 |a 244  |2 UDC-MRF-SK2 
080 |a 885.4-97  |2 UDC-MRF-SK2 
100 1 |a Zubčáková, Dana  |4 aut  |9 863424 
245 1 0 |a Žalm môjmu Bohu  |c Dana Zúbčáková 
300 |b Obr. 
650 0 7 |a meditatívne básne, slovenské  |2 snkbucl  |9 28788 
773 0 |t Cestou svetla  |g Roč. 11, č. 9 (2000), s. 7 
850 |a Slovenská národná knižnica v Martine 
852 |a SNK  |b KIS3GCP 
958 |a LX 
958 |a SK 
958 |a RBX 
999 |c 1443094  |d 1445024